=LDR 00000nam 2200000 4500 =001 INLIS000000000007389 =005 20230525081909 =035 ##$$a 0010-061300000007389 =008 230525###########################0###### =041 ##$$a Ind =082 ##$$a 2x1.09 =090 ##$$a 2x1.09, Kho a =100 ##$$a Kholil, Moenawar =245 1#$$a Al-Qur'an Dari Masa Ke Masa /$c K.H. Moenawar Kholil =260 ##$$a Solo :$b Ramadhani,$c 1985 =300 ##$$a xiv, 230 hlm., ; $c 21 cm =650 #4$$a Al-Qur'an-Sejarah =084 ##$$a 2x1.09 KHO a =990 ##$$a 27.909/Pb-91 =990 ##$$a 27.910/Pb-91